| 000 | 00401 a2200157 4500 | ||
|---|---|---|---|
| 001 | 150694 | ||
| 040 | _cEscola São Tomás de Aquino | ||
| 100 | _aLALAU | ||
| 240 | 1 | 0 |
_a O caçador de palavras _lpor |
| 245 | 1 | 0 | _a O caçador de palavras |
| 300 | _a34 | ||
| 362 | 0 | _a2008 | |
| 440 | 1 | _aScipione | |
| 697 | _aSistemas de escrita (alfabeto, Braille, abreviaturas, pontuação, etc.) | ||
| 942 | _cBK | ||
| 999 |
_c150694 _d150694 |
||